15 najzimniejszych państw europy. - Statystyki

Ogólne statystyki
  • Ten quiz został rozwiązany 114 razy
  • Średni wynik to 14 z 15
Statystyki odpowiedzi
Miejsce Temperatura Kraj % Poprawnych
4 1.75 Islandia
98%
2 1.50 Norwegia
98%
1 -5.10 Rosja
98%
5 2.10 Szwecja
98%
8 5.60 Łotwa
97%
6 5.10 Estonia
96%
3 1.70 Finlandia
96%
11 6.20 Litwa
96%
14 7.50 Dania
94%
10 6.15 Białoruś
92%
7 5.50 Szwajcaria
82%
12 6.35 Austria
81%
13 6.80 Słowacja
79%
15 7.55 Czechy
78%
9 5.65 Liechtenstein
70%
Nie znaleziono quizów pasujących do podanych kryteriów
Rozkład punktacji
Procent ludzi z każdym wynikiem
Percentyl według liczby udzielonych odpowiedzi
Twoja historia wyników
Nie rozwiązałeś tego quizu